000 00360nam a2200157Ia 4500
003 OSt
005 20240301121549.0
008 170524s9999 xx 000 0 und d
020 _a 978-0070146112
040 _cIIMT UNIVERSTY MEERUT
100 _aKothari- DP
245 0 _aBasic Electrical Engineering
260 _bTMH
260 _c2007
942 _2ddc
_c02
999 _c5365
_d5365